Manual para la enseñanza de la educación física y deportiva

Saved in:
Bibliografiske detaljer
Hovedforfatter: Lamour, Henri (Author)
Format: Bog
Sprog:spansk
Udgivet: Barcelona Paidos 1991
Serier:Paidos Educación Física. Psicomotricidad, 41
Fag:
Tags: Tilføj Tag
Ingen Tags, Vær først til at tagge denne postø!

MARC

LEADER 00000nam a2200000 a 4500
001 UCW7404
003 CL-VaPUC
008 921203e19910000SP |||||||||||||||||spa|d
082 0 4 |a 372.86  |b LAM  |2 21 
100 0 |a Lamour, Henri  |e author  |9 312554 
245 1 0 |a Manual para la enseñanza de la educación física y deportiva 
300 |a 331 p 
942 |c BK 
945 |d 19921203 00:00:00 
260 |a Barcelona  |b Paidos  |c 1991 
650 0 |a Educación física  |9 240893 
650 0 |a Educación básica   |9 224933 
650 0 |a Deportes  |9 224367 
583 |a last modification  |c 19921203 00:00:00  |k Rodrigo Vera 
490 0 |a Paidos Educación Física. Psicomotricidad, 41 
999 |c 220171  |d 220169 
952 |0 0  |1 0  |4 0  |6 372_860000000000000_LAM_1991  |7 0  |8 P  |9 212058  |a BIBEDU  |b BIBEDU  |c BIBEDU_PB  |d 2019-11-15  |i 280302K  |o 372.86 LAM 1991  |p 280302K  |r 2024-01-25  |w 2019-11-15  |y BK  |k EDU 
952 |0 0  |1 0  |4 0  |6 372_860000000000000_LAM_1991  |7 0  |8 P  |9 212059  |a BIBEDU  |b BIBEDU  |c BIBEDU_PB  |d 2019-11-15  |i 2803038  |o 372.86 LAM 1991  |p 2803038  |r 2024-01-25  |w 2019-11-15  |y BK  |k EDU